000 00399 a2200169 4500
001 157012
020 _a8508048327
040 _cEscola São Tomás de Aquino
100 _aFLORES, Moacyr
240 1 0 _aRevolução dos Farrapos
_lpor
245 1 0 _aRevolução dos Farrapos
300 _a48 p.
362 0 _a1998
440 1 _aÁtica
697 _aPeríodo do Império, 1822-1889
942 _cBK
999 _c157012
_d157012